COMPUTER GRAPHICS PRINCIPLES AND PRACTICE 2ND EDITION IN C (Record no. 56463)

MARC details
000 -LEADER
fixed length control field 00519pam a2200169 a 4500
020 ## - INTERNATIONAL STANDARD BOOK NUMBER
International Standard Book Number 978-81--317-0505-6
Terms of availability P.B.
041 ## - LANGUAGE CODE
Language code of text/sound track or separate title eng
082 ## - DEWEY DECIMAL CLASSIFICATION NUMBER
Classification number 006.6
Item number FOL/DAM
100 ## - MAIN ENTRY--PERSONAL NAME
Personal name FOLEY J. D., DAM A. V., FEINER S. K. AND HUGHES J. F.
245 ## - TITLE STATEMENT
Title COMPUTER GRAPHICS PRINCIPLES AND PRACTICE 2ND EDITION IN C
Medium Textual Documents
250 ## - EDITION STATEMENT
Edition statement 01-01-2009
260 ## - PUBLICATION, DISTRIBUTION, ETC.
Name of publisher, distributor, etc. DORLING KINDERSLEY (INDIA) PVT.LTD.- PEARSON EDU
300 ## - PHYSICAL DESCRIPTION
Extent 1158
Dimensions 24*17
500 ## - GENERAL NOTE
General note 13715
653 ## - INDEX TERM--UNCONTROLLED
Uncontrolled term COMPUTER GRAPHICS (S.E.-II)
930 ## - EQUIVALENCE OR CROSS-REFERENCE-UNIFORM TITLE HEADING [LOCAL, CANADA]
Uniform title 13241
Holdings
Withdrawn status Lost status Damaged status Not for loan Collection Home library Current library Shelving location Date acquired Source of acquisition Cost, normal purchase price Total Checkouts Full call number Barcode Date last seen Date last checked out Copy number Price effective from Koha item type
        EWP College of Engineering for Women, Pune College of Engineering for Women, Pune B-ROW-2:CUP-7 04/11/2009 BHARATI MADHYA. SAHAKARI GRAHAK BHANDAR LTD., 625.00 2 006.6 FOL/DAM EWP-13186 20/04/2026 20/04/2026 1 24/02/2023 Book